000 00279nam a22001337a 4500
008 170601b xxu||||| |||| 00| 0 eng d
020 _a9781582880877
041 _aeng
080 _a94
100 _a17
101 _aSHH
245 _aEXTREME WAR
_cPOULOS, T
942 _2udc
_cBK
999 _c15342
_d15342